Když se usmívala píse míšenky Lee ze hry Vlad. Vančury "Jezero Ukereve" : (slova podle původního afrického textu) /

Main Author: Ježek, Jaroslav, 1906-1942
Other Authors: Vančura, Vladislav, 1891-1942
Language: Czech
Published: Praha : Melantrich, [1938?]
Physical Description: 1 sv. (nestránkován)
Musical Score Musical Score
Saved in:
LEADER 00873ncm a22002292a 4500
001 001253055
003 CZ BrMZK
005 20121001100540.0
007 qu
008 121001s1938 xr |||||||||||||||||cze d
040 |a BOA001  |b cze 
072 7 |a 784  |x Vokální hudba  |2 Konspekt  |9 9 
100 1 |a Ježek, Jaroslav,  |d 1906-1942  |7 jk01051624  |4 cmp 
245 1 0 |a Když se usmívala  |h [hudebnina] :  |b píse míšenky Lee ze hry Vlad. Vančury "Jezero Ukereve" : (slova podle původního afrického textu) /  |c Jaroslav Ježek 
260 |a Praha :  |b Melantrich,  |c [1938?] 
300 |a 1 sv. (nestránkován) 
772 0 8 |i Příloha časopisu:  |t Eva,  |g 14/1938 
700 1 |a Vančura, Vladislav,  |d 1891-1942  |7 jk01141424  |4 lyr 
910 |a BOA001  |b Mus4-0513.654 
990 |a MU 
991 |b 201210 
996 6 |b 2619675903  |c Mus4-0513.654  |l MZK  |r Sklad / do 1 hodiny  |n 1  |w 001287057  |u 000010  |a 1  |e BOA001  |j MZK50  |s P